Service management : (Record no. 186)
[ view plain ]
| 000 -LEADER | |
|---|---|
| fixed length control field | 00726nam a2200217 a 4500 |
| 001 - CONTROL NUMBER | |
| control field | 186 |
| 005 - DATE AND TIME OF LATEST TRANSACTION | |
| control field | 20221127085858.0 |
| 008 - FIXED-LENGTH DATA ELEMENTS--GENERAL INFORMATION | |
| fixed length control field | 050920s lxxua | 00100 eng d |
| 020 ## - INTERNATIONAL STANDARD BOOK NUMBER | |
| International Standard Book Number | 0071214577 : |
| Terms of availability | SR126.00 |
| 035 ## - SYSTEM CONTROL NUMBER | |
| System control number | 199 |
| 082 04 - DEWEY DECIMAL CLASSIFICATION NUMBER | |
| Classification number | 658 |
| Item number | F584 2004 |
| 100 1# - MAIN ENTRY--PERSONAL NAME | |
| Personal name | Fitzsimmons, James A. |
| 245 10 - TITLE STATEMENT | |
| Title | Service management : |
| Remainder of title | operations, strategy, and information technology / |
| Statement of responsibility, etc. | James Fitzsimmons, Mona Fitzsimmons. |
| 250 ## - EDITION STATEMENT | |
| Edition statement | 4th ed. |
| 260 ## - PUBLICATION, DISTRIBUTION, ETC. | |
| Place of publication, distribution, etc. | Boston, Mass. : |
| Name of publisher, distributor, etc. | McGraw-Hill/Irwin, |
| Date of publication, distribution, etc. | 2004. |
| 300 ## - PHYSICAL DESCRIPTION | |
| Extent | xx, 587 p. : |
| Other physical details | ill. ; |
| Dimensions | 26 cm. |
| Accompanying material | 2 CD. |
| 504 ## - BIBLIOGRAPHY, ETC. NOTE | |
| Bibliography, etc. note | Includes bibl. references and index. |
| 650 #4 - SUBJECT ADDED ENTRY--TOPICAL TERM | |
| Topical term or geographic name entry element | Industrial management |
| 650 #4 - SUBJECT ADDED ENTRY--TOPICAL TERM | |
| Topical term or geographic name entry element | Service industries |
| General subdivision | Management. |
| 700 1# - ADDED ENTRY--PERSONAL NAME | |
| Personal name | Fitzsimmons, Monal, |
| Relator term | jt.author. |
| Withdrawn status | Lost status | Source of classification or shelving scheme | Damaged status | Not for loan | Home library | Current library | Date acquired | Total Checkouts | Full call number | Barcode | Date last seen | Copy number | Price effective from | Koha item type |
|---|---|---|---|---|---|---|---|---|---|---|---|---|---|---|
| CENTRAL | CENTRAL | 11/27/2022 | 658 F584 2004 | 1000000000303 | 11/27/2022 | C1 | 11/27/2022 | Book | ||||||
| CENTRAL | CENTRAL | 11/27/2022 | 658 F584 2004 | 1000000005152 | 11/27/2022 | C4 | 11/27/2022 | CD | ||||||
| CENTRAL | CENTRAL | 11/27/2022 | 658 F584 2004 | 1000000007342 | 11/27/2022 | C4 | 11/27/2022 | CD | ||||||
| KHOBAR | KHOBAR | 11/27/2022 | 658 F584 2004 | 1000000000304 | 11/27/2022 | C2 | 11/27/2022 | Book |
